000
00315nam a2200133 a 4500
008
971121s1972||||xx 0 und c
040
_a
SNK
_b
slo
_c
SNK
_e
AACR2
100
1
_a
Kállay, Karok
245
1
0
_a
Mne Slovensko krása je
260
_a
Martin
_b
Osveta
_c
1972
020
_c
70
044
_a
xo
_c
SK
041
_a
slo
999
_c
19683
_d
19683